[Event "Prague op 23rd"]
[Site "Prague"]
[Date "2025.01.16"]
[Round "8"]
[White "Senthil, Maran K"]
[Black "Mueer, Sebastian"]
[Result "1-0"]
[WhiteElo "2398"]
[BlackElo "2192"]
[PlyCount "99"]
[EventDate "2025.01.10"]
[EventType "swiss"]
[EventRounds "9"]
[EventCountry "CZE"]
[SourceTitle "CB04_2025"]
[SourceDate "2025.01.22"]
[SourceVersion "1"]
[SourceVersionDate "2025.01.22"]
[SourceQuality "1"]

1. d4 Nf6 2. g3 e6 3. Bg2 c5 4. Nf3 cxd4 5. 0-0 d5 6. Nxd4 e5 7. Nb3 Be6 8. c4 Nc6 9. cxd5 Nxd5 10. Nc3 Nxc3 11. bxc3 Bd6 12. Be3 Qe7 13. Na5 Nxa5 14. Qa4+ Nc6 15. Bxc6+ Bd7 16. Bxd7+ Qxd7 17. Qe4 0-0 18. Rfd1 Qc7 19. Rd3 b6 20. Rad1 Rad8 21. c4 Be7 22. Rd5 h6 23. Qd3 Rxd5 24. cxd5 Rd8 25. Kg2 Qd7 26. Qe4 Bd6 27. Rc1 f5 28. Qc4 f4 29. Bd2 Bc5 30. gxf4 Qxd5+ 31. Qxd5+ Rxd5 32. Rc2 e4 33. e3 Kf7 34. f3 exf3+ 35. Kxf3 g5 36. Ke4 Ke6 37. Bc3 gxf4 38. exf4 Rh5 39. Be5 Rh3 40. f5+ Ke7 41. Bg3 Kf6 42. Rg2 Kf7 43. Rd2 Ke7 44. Kf4 Rh5 45. Re2+ Kf7 46. h4 Bd6+ 47. Kg4 Bxg3 48. Kxh5 Kf6 49. Kg4 Be5 50. h5 1-0

[Event "Prague op 23rd"]
[Site "Prague"]
[Date "2025.01.13"]
[Round "5"]
[White "Mueer, Sebastian"]
[Black "Lewtak, Damian"]
[Result "0-1"]
[WhiteElo "2192"]
[BlackElo "2359"]
[PlyCount "74"]
[EventDate "2025.01.10"]
[EventType "swiss"]
[EventRounds "9"]
[EventCountry "CZE"]
[SourceTitle "CB04_2025"]
[SourceDate "2025.01.22"]
[SourceVersion "1"]
[SourceVersionDate "2025.01.22"]
[SourceQuality "1"]

1. d4 Nf6 2. c4 e6 3. Nc3 Bb4 4. f3 c5 5. d5 b5 6. e4 d6 7. Nge2 bxc4 8. Nf4 g5 9. Nfe2 exd5 10. exd5 Qe7 11. Bxg5 Nbd7 12. Qd2 Rg8 13. Kd1 Rb8 14. Ng3 Bxc3 15. bxc3 Ne5 16. Qf4 Rxg5 17. Qxg5 Nxd5 18. Qg8+ Kd7 19. Ne4 Kc7 20. Kc1 Bf5 21. Qg3 Qe8 22. Rb1 Rxb1+ 23. Kxb1 Nxc3+ 24. Ka1 Nd5 25. Qf2 Qa4 26. Qd2 Bxe4 27. fxe4 Nb4 28. Kb1 Qa3 29. Qb2 Qe3 30. Qe2 Qc3 31. Qf2 Kb6 32. g3 Nf3 33. Qb2 Qe1+ 34. Qc1 Nd2+ 35. Kb2 c3+ 36. Qxc3 Qb1+ 37. Ka3 Qxa2# 0-1

[Event "Lower Saxony-ch"]
[Site "Verden an der Aller"]
[Date "2025.01.05"]
[Round "7"]
[White "Pubantz, Jan"]
[Black "Mueer, Sebastian"]
[Result "1-0"]
[WhiteElo "2339"]
[BlackElo "2192"]
[PlyCount "63"]
[EventDate "2025.01.02"]
[EventType "swiss"]
[EventRounds "7"]
[EventCountry "GER"]
[SourceTitle "CB02_2025"]
[SourceDate "2025.01.08"]
[SourceVersion "1"]
[SourceVersionDate "2025.01.08"]
[SourceQuality "1"]

1. d4 Nf6 2. Nf3 d5 3. g3 e6 4. Bg2 c5 5. c4 cxd4 6. 0-0 Bc5 7. Nxd4 Nc6 8. Nb3 Bb6 9. cxd5 exd5 10. Nc3 d4 11. Na4 0-0 12. Nxb6 axb6 13. Bxc6 bxc6 14. Qxd4 Bg4 15. f3 Be6 16. Bg5 Bxb3 17. Qxd8 Rfxd8 18. axb3 h6 19. Bxf6 gxf6 20. Kf2 Rxa1 21. Rxa1 Rd2 22. Rb1 c5 23. Ke1 Rd4 24. Rc1 Rb4 25. Rc3 f5 26. Kd2 Kg7 27. Kc2 Rd4 28. Rd3 Rb4 29. Kc3 h5 30. e3 h4 31. Rd1 h3 32. Ra1 1-0

[Event "Oldenburg Union 75 Ann Rapid"]
[Site "Oldenburg"]
[Date "2024.12.15"]
[Round "4"]
[White "Beeck, Sebastian"]
[Black "Mueer, Sebastian"]
[Result "0-1"]
[WhiteElo "1753"]
[BlackElo "2175"]
[PlyCount "40"]
[EventDate "2024.12.15"]
[EventType "swiss (rapid)"]
[EventRounds "9"]
[EventCountry "GER"]
[SourceTitle "CB52_2024"]
[SourceDate "2024.12.25"]
[SourceVersion "1"]
[SourceVersionDate "2024.12.25"]
[SourceQuality "1"]

1. e4 c5 2. Nf3 d6 3. d4 cxd4 4. Nxd4 Nf6 5. Nc3 g6 6. Be3 Bg7 7. f3 0-0 8. Qd2 Nc6 9. 0-0-0 d5 10. Nxc6 bxc6 11. Bc4 e6 12. Bb3 Bb7 13. Na4 Nd7 14. h4 h5 15. g4 hxg4 16. h5 Ne5 17. fxg4 Nxg4 18. h6 Bf6 19. h7+ Kh8 20. Bc5 Bg5 0-1

[Event "Oldenburg Union 75 Ann Rapid"]
[Site "Oldenburg"]
[Date "2024.12.15"]
[Round "3"]
[White "Mueer, Sebastian"]
[Black "Eschholz, Enno"]
[Result "0-1"]
[WhiteElo "2175"]
[BlackElo "2121"]
[PlyCount "88"]
[EventDate "2024.12.15"]
[EventType "swiss (rapid)"]
[EventRounds "9"]
[EventCountry "GER"]
[SourceTitle "CB52_2024"]
[SourceDate "2024.12.25"]
[SourceVersion "1"]
[SourceVersionDate "2024.12.25"]
[SourceQuality "1"]

1. Nf3 Nf6 2. c4 e6 3. g3 Be7 4. Bg2 0-0 5. 0-0 d5 6. b3 c6 7. Bb2 b6 8. d3 Bb7 9. Nbd2 Nbd7 10. Qc2 Rc8 11. e4 Ne8 12. Rad1 c5 13. exd5 exd5 14. Ne5 Nxe5 15. Bxe5 Bf6 16. Rfe1 Qd7 17. Nf3 d4 18. Bxf6 Nxf6 19. Qd2 Rfe8 20. b4 Ba8 21. b5 Qf5 22. Nh4 Qg4 23. h3 Qd7 24. Qf4 Bxg2 25. Kxg2 Nh5 26. Qf3 g6 27. Kh2 Ng7 28. Ng2 Ne6 29. h4 Re7 30. Re5 Rce8 31. Rde1 Ng5 32. Rxg5 Rxe1 33. Nxe1 Rxe1 34. Rd5 Qe7 35. Kg2 h5 36. Rg5 Ra1 37. g4 Qe1 38. Kg3 hxg4 39. Rxg4 Qe5+ 40. Kg2 Qe1 41. Kg3 Qg1+ 42. Kf4 Qh2+ 43. Kg5 Qe5+ 44. Kh6 Qh5# 0-1

[Event "Oldenburg Union 75 Ann Blitz"]
[Site "Oldenburg"]
[Date "2024.12.14"]
[Round "5"]
[White "Muecke, Leonard"]
[Black "Mueer, Sebastian"]
[Result "0-1"]
[WhiteElo "1853"]
[BlackElo "2175"]
[PlyCount "68"]
[EventDate "2024.12.14"]
[EventType "swiss (blitz)"]
[EventRounds "13"]
[EventCountry "GER"]
[SourceTitle "CB52_2024"]
[SourceDate "2024.12.25"]
[SourceVersion "1"]
[SourceVersionDate "2024.12.25"]
[SourceQuality "1"]

1. e4 c5 2. d4 cxd4 3. c3 dxc3 4. Nxc3 Nc6 5. Bc4 d6 6. Nf3 a6 7. 0-0 Nf6 8. Qe2 Bg4 9. h3 Bxf3 10. gxf3 e6 11. Bg5 h6 12. Bh4 Qa5 13. Rad1 Qh5 14. Bg3 Qxh3 15. Bxd6 Bxd6 16. Rxd6 Ne5 17. Bb5+ axb5 18. Qxb5+ Kf8 19. Qxe5 h5 20. Rfd1 Rh6 21. Rd8+ Ne8 22. Ne2 Qxf3 23. Ng3 Rf6 24. Qd6+ Kg8 25. Qe7 Qxf2+ 26. Kh1 Rxd8 27. Rxd8 Qxg3 28. Qxe8+ Kh7 29. Qh8+ Kg6 30. Rd1 Qh3+ 31. Kg1 Qg4+ 32. Kh2 Qe2+ 33. Kh3 Rf3+ 34. Kh4 Qh2# 0-1

[Event "Oldenburg Union 75 Ann Blitz"]
[Site "Oldenburg"]
[Date "2024.12.14"]
[Round "10"]
[White "Mueer, Sebastian"]
[Black "Aden, Tammo"]
[Result "1-0"]
[WhiteElo "2175"]
[BlackElo "2077"]
[PlyCount "65"]
[EventDate "2024.12.14"]
[EventType "swiss (blitz)"]
[EventRounds "13"]
[EventCountry "GER"]
[SourceTitle "CB52_2024"]
[SourceDate "2024.12.25"]
[SourceVersion "1"]
[SourceVersionDate "2024.12.25"]
[SourceQuality "1"]

1. d4 Nf6 2. c4 e6 3. Nc3 d5 4. cxd5 exd5 5. Bg5 Be7 6. e3 0-0 7. Bd3 Nbd7 8. Nf3 c6 9. Qc2 Re8 10. 0-0 Ne4 11. Bxe4 Bxg5 12. Bxh7+ Kh8 13. Nxg5 Qxg5 14. Bd3 Nf6 15. e4 dxe4 16. Nxe4 Nxe4 17. Bxe4 Qf4 18. Rfe1 Be6 19. Rad1 Rad8 20. Qc5 a6 21. Qh5+ Qh6 22. Qxh6+ gxh6 23. b3 Kg7 24. Kf1 f5 25. Bf3 Kf6 26. Re5 Bd5 27. Bxd5 cxd5 28. f4 Rxe5 29. dxe5+ Ke6 30. Rc1 Rd7 31. Ke2 d4 32. Kd3 Kd5 33. Rc4 1-0

[Event "Oldenburg Union 75 Ann Blitz"]
[Site "Oldenburg"]
[Date "2024.12.14"]
[Round "6"]
[White "Mueer, Sebastian"]
[Black "Hermann, Manfred"]
[Result "1-0"]
[WhiteElo "2175"]
[BlackElo "2293"]
[PlyCount "97"]
[EventDate "2024.12.14"]
[EventType "swiss (blitz)"]
[EventRounds "13"]
[EventCountry "GER"]
[SourceTitle "CB52_2024"]
[SourceDate "2024.12.25"]
[SourceVersion "1"]
[SourceVersionDate "2024.12.25"]
[SourceQuality "1"]

1. d4 d5 2. c4 Nc6 3. Nf3 Nf6 4. cxd5 Nxd5 5. e3 a6 6. Be2 Bg4 7. h3 Bh5 8. 0-0 e6 9. Nc3 Be7 10. e4 Nxc3 11. bxc3 0-0 12. Bf4 Bd6 13. Be3 Bxf3 14. Bxf3 e5 15. d5 Ne7 16. c4 b6 17. Qc2 Ng6 18. g3 Qe7 19. Bg2 Bc5 20. Qd3 Rad8 21. a4 a5 22. Rab1 h6 23. Rb5 Bxe3 24. Qxe3 f5 25. exf5 Rxf5 26. c5 bxc5 27. Rxc5 Rf6 28. Rxa5 Qb4 29. Qc5 Qb6 30. Rb5 Qxc5 31. Rxc5 Ra6 32. a5 Rda8 33. Rxc7 Rxa5 34. d6 Rd8 35. Rb1 Nf8 36. Rbb7 Ne6 37. Re7 Rxd6 38. h4 Kf8 39. Bh3 Raa6 40. Rf7+ Kg8 41. Bxe6 Rxe6 42. Rxg7+ Kh8 43. Rh7+ Kg8 44. Rbg7+ Kf8 45. Rb7 Kg8 46. Rhg7+ Kh8 47. Kg2 Rf6 48. Rgc7 Rf8 49. Rh7+ 1-0

[Event "Oldenburg Union 75 Ann Blitz"]
[Site "Oldenburg"]
[Date "2024.12.14"]
[Round "12"]
[White "Mueer, Sebastian"]
[Black "Schuette, Marc"]
[Result "1-0"]
[WhiteElo "2175"]
[BlackElo "2126"]
[PlyCount "43"]
[EventDate "2024.12.14"]
[EventType "swiss (blitz)"]
[EventRounds "13"]
[EventCountry "GER"]
[SourceTitle "CB52_2024"]
[SourceDate "2024.12.25"]
[SourceVersion "1"]
[SourceVersionDate "2024.12.25"]
[SourceQuality "1"]

1. c4 c6 2. Nc3 d5 3. d4 Nf6 4. e3 e6 5. Nf3 Nbd7 6. Bd3 Bd6 7. 0-0 dxc4 8. Bxc4 Qe7 9. e4 e5 10. h3 0-0 11. a4 h6 12. Be3 Rd8 13. Qc2 a5 14. Rad1 exd4 15. Nxd4 Ne5 16. Be2 Ng6 17. f4 Bb4 18. e5 Nd5 19. Nxd5 Rxd5 20. Bc4 Rd8 21. Qxg6 b5 22. Nxc6 1-0

[Event "Oberliga Nord W 2324"]
[Site "Germany"]
[Date "2024.04.28"]
[Round "9.2"]
[White "Mueer, Sebastian"]
[Black "Simon, Ralf Axel"]
[Result "1-0"]
[WhiteElo "2159"]
[BlackElo "2029"]
[PlyCount "53"]
[EventDate "2023.10.22"]
[EventType "team-tourn"]
[EventRounds "9"]
[EventCountry "GER"]
[SourceTitle "EXT 2025"]
[Source "ChessBase"]
[SourceDate "2024.10.14"]
[SourceVersion "1"]
[SourceVersionDate "2024.10.14"]
[SourceQuality "1"]
[WhiteTeam "Oldenburg Union"]
[BlackTeam "Ricklingen"]
[WhiteTeamCountry "GER"]
[BlackTeamCountry "GER"]

1. e4 e5 2. Nf3 Nc6 3. Bc4 Nf6 4. d4 Nxe4 5. dxe5 Nc5 6. Nc3 Be7 7. 0-0 0-0 8. Nd5 Ne6 9. Re1 Re8 10. c3 Bf8 11. Qc2 d6 12. exd6 Bxd6 13. Bg5 Qd7 14. Rad1 b6 15. Re4 Na5 16. Rh4 Nf8 17. Bd3 Ng6 18. c4 c6 19. Ne3 Qc7 20. Rh5 Nb7 21. Nf5 Bf4 22. g3 Bxg5 23. Nxg5 h6 24. Nxf7 Qxf7 25. Nxh6+ gxh6 26. Bxg6 Qf3 27. Bxe8 1-0

[Event "Niedersachsen-ch"]
[Site "Verden an der Aller"]
[Date "2024.01.07"]
[Round "7"]
[White "Mueer, Sebastian"]
[Black "Jakobeit, David"]
[Result "1/2-1/2"]
[WhiteElo "2189"]
[BlackElo "2213"]
[PlyCount "83"]
[EventDate "2024.01.04"]
[EventType "swiss"]
[EventRounds "7"]
[EventCountry "GER"]
[SourceTitle "CBM 218 Extra"]
[Source "ChessBase"]
[SourceDate "2024.03.31"]
[SourceVersion "1"]
[SourceVersionDate "2024.03.31"]
[SourceQuality "1"]

1. d4 Nf6 2. c4 e6 3. Nf3 d5 4. g3 Be7 5. Bg2 Ne4 6. 0-0 f5 7. Nc3 c6 8. Qc2 Nd7 9. Be3 0-0 10. Rad1 Qe8 11. Bf4 g5 12. Bc7 Qh5 13. Ne5 Rf6 14. g4 Qh4 15. Rd3 fxg4 16. Nxe4 dxe4 17. Rg3 Nxe5 18. Bxe5 Rh6 19. h3 Qh5 20. Rxg4 Bd7 21. Qxe4 Be8 22. f4 Bg6 23. Qe3 Bf5 24. fxg5 Rg6 25. Rg3 Bxg5 26. Bf4 Bf6 27. Kh2 Rd8 28. Be5 Bg5 29. Qf3 Qxf3 30. Bxf3 Be3 31. d5 cxd5 32. cxd5 exd5 33. Bxd5+ Rxd5 34. Rxe3 Bd7 35. Bf4 Bc6 36. Rg1 Kf7 37. Rxg6 Kxg6 38. Kg3 Rd1 39. Re6+ Kf5 40. Re5+ Kf6 41. Ra5 a6 42. Rh5 1/2-1/2

[Event "Niedersachsen-ch"]
[Site "Verden an der Aller"]
[Date "2024.01.05"]
[Round "3"]
[White "Mueer, Sebastian"]
[Black "Muecke, Leonard"]
[Result "1-0"]
[WhiteElo "2189"]
[BlackElo "1694"]
[PlyCount "113"]
[EventDate "2024.01.04"]
[EventType "swiss"]
[EventRounds "7"]
[EventCountry "GER"]
[SourceTitle "CBM 218 Extra"]
[Source "ChessBase"]
[SourceDate "2024.03.31"]
[SourceVersion "1"]
[SourceVersionDate "2024.03.31"]
[SourceQuality "1"]

1. e4 d6 2. d4 g6 3. Nc3 Nf6 4. f4 Bg7 5. Nf3 c5 6. dxc5 Qa5 7. Bd3 Qxc5 8. Qe2 a6 9. Be3 Qa5 10. 0-0 0-0 11. h3 Nc6 12. Qf2 Nd7 13. Qh4 b5 14. Ng5 h6 15. Nf3 e6 16. f5 Qd8 17. Bg5 hxg5 18. Nxg5 Nf6 19. e5 Qb6+ 20. Kh1 Qd4 21. Rf4 Qxf4 22. Qxf4 dxe5 23. Qh4 exf5 24. Nd5 Nh5 25. g4 Be6 26. Nxe6 fxe6 27. gxh5 exd5 28. Rg1 Rf6 29. h6 Bh8 30. Bxf5 Rxf5 31. Rxg6+ Kh7 32. Rxc6 Raf8 33. Rc7+ R8f7 34. Rxf7+ Rxf7 35. Qd8 d4 36. Qd5 Rf6 37. Qe4+ Kxh6 38. Qh4+ Kg7 39. Qh5 Kg8 40. Kg2 Bg7 41. Qe8+ Kh7 42. Kg3 Rh6 43. Kg4 Rf6 44. Kg5 Rh6 45. h4 Rf6 46. h5 Rf4 47. Qg6+ Kh8 48. Qxa6 Kh7 49. Qg6+ Kh8 50. Qe8+ Kh7 51. Qd7 Rf1 52. Qxb5 Rd1 53. Qe2 Ra1 54. Qe4+ Kh8 55. h6 Rg1+ 56. Kh5 Bf6 57. Qa8+ 1-0

[Event "Niedersachsen-ch"]
[Site "Verden an der Aller"]
[Date "2024.01.04"]
[Round "1"]
[White "Mueer, Sebastian"]
[Black "Abel, Dennes"]
[Result "0-1"]
[WhiteElo "2189"]
[BlackElo "2417"]
[PlyCount "110"]
[EventDate "2024.01.04"]
[EventType "swiss"]
[EventRounds "7"]
[EventCountry "GER"]
[SourceTitle "CBM 218 Extra"]
[Source "ChessBase"]
[SourceDate "2024.03.31"]
[SourceVersion "1"]
[SourceVersionDate "2024.03.31"]
[SourceQuality "1"]

1. d4 d5 2. c4 c6 3. Nc3 dxc4 4. e3 e5 5. Bxc4 exd4 6. exd4 Nf6 7. Nf3 Be7 8. 0-0 0-0 9. Ne5 Nbd7 10. Qe2 Nb6 11. Bb3 Nbd5 12. Re1 Be6 13. Qf3 Nc7 14. Bxe6 Nxe6 15. Be3 Nc7 16. Rad1 Nfd5 17. Bd2 f6 18. Nd3 Bd6 19. Nc5 Bxc5 20. dxc5 Nxc3 21. bxc3 Re8 22. Bf4 Rxe1+ 23. Rxe1 Nd5 24. Bd6 b5 25. h4 Qd7 26. a4 a6 27. axb5 axb5 28. c4 bxc4 29. Qe4 c3 30. h5 f5 31. Qc4 Re8 32. Be5 Qf7 33. h6 g5 34. Bxc3 Rxe1+ 35. Bxe1 Qe6 36. Bd2 Qxh6 37. Qa6 Qf6 38. Qb7 h6 39. g3 f4 40. gxf4 gxf4 41. Kg2 Qg6+ 42. Kh3 Qd3+ 43. Kh4 Qxd2 44. Qc8+ Kf7 45. Qd7+ Kf6 46. Qxc6+ Ke5 47. Qd6+ Kd4 48. c6 Qxf2+ 49. Kh5 Qe2+ 50. Kxh6 Qe5 51. Qa3 Qe6+ 52. Kg5 Qf6+ 53. Kg4 Qg6+ 54. Kh4 Qh6+ 55. Kg4 Ne3+ 0-1

[Event "Oberliga Nord W 2324"]
[Site "Germany"]
[Date "2023.11.19"]
[Round "2.2"]
[White "Pahl, Theis"]
[Black "Mueer, Sebastian"]
[Result "1/2-1/2"]
[WhiteElo "2116"]
[BlackElo "2190"]
[PlyCount "47"]
[EventDate "2023.10.22"]
[EventType "team-tourn"]
[EventRounds "9"]
[EventCountry "GER"]
[SourceTitle "EXT 2025"]
[Source "ChessBase"]
[SourceDate "2024.10.14"]
[SourceVersion "1"]
[SourceVersionDate "2024.10.14"]
[SourceQuality "1"]
[WhiteTeam "Delmenhorst"]
[BlackTeam "Oldenburg Union"]
[WhiteTeamCountry "GER"]
[BlackTeamCountry "GER"]

1. e4 c5 2. Nf3 d6 3. d4 cxd4 4. Nxd4 Nf6 5. Nc3 g6 6. Be3 Bg7 7. f3 0-0 8. Qd2 Nc6 9. Bc4 Bd7 10. 0-0-0 Rc8 11. Bb3 Nxd4 12. Bxd4 b5 13. e5 dxe5 14. Bxe5 Bc6 15. Qxd8 Rfxd8 16. Ne2 a6 17. Rhe1 e6 18. Nf4 Nd5 19. Nxd5 Bxd5 20. Bxd5 exd5 21. Bxg7 Kxg7 22. Rd4 Rc4 23. Red1 Rxd4 24. Rxd4 1/2-1/2

[Event "Hoogeveen op 26th"]
[Site "Hoogeveen"]
[Date "2023.10.22"]
[Round "2"]
[White "Arnold, Rhys"]
[Black "Mueer, Sebastian"]
[Result "1/2-1/2"]
[WhiteElo "2087"]
[BlackElo "2230"]
[PlyCount "85"]
[EventDate "2023.10.21"]
[EventType "swiss"]
[EventRounds "9"]
[EventCountry "NED"]
[SourceTitle "CBM 216 Extra"]
[Source "ChessBase"]
[SourceDate "2023.11.30"]
[SourceVersion "1"]
[SourceVersionDate "2023.11.30"]
[SourceQuality "1"]

1. e4 c5 2. Nf3 e6 3. d4 cxd4 4. Nxd4 Nf6 5. Nc3 Nc6 6. Ndb5 Bb4 7. a3 Bxc3+ 8. Nxc3 d5 9. exd5 exd5 10. Bd3 0-0 11. 0-0 Bg4 12. f3 Bh5 13. Kh1 d4 14. Ne2 Nd5 15. Nf4 Nxf4 16. Bxf4 Qb6 17. Qd2 Rfe8 18. b3 Bg6 19. Rad1 a5 20. Bd6 Re6 21. Bxg6 hxg6 22. Bg3 Qc5 23. a4 Rae8 24. Rf2 Re3 25. h3 Qg5 26. Bd6 Qd5 27. Bf4 Qe6 28. Qc1 Re1+ 29. Rxe1 Qxe1+ 30. Qxe1 Rxe1+ 31. Kh2 d3 32. cxd3 Rb1 33. Rd2 Rxb3 34. d4 Rb4 35. Be3 Rxa4 36. d5 Ne5 37. d6 Nd7 38. Rc2 Ra3 39. Bf4 Rd3 40. Rc8+ Nf8 41. Rb8 f6 42. Rxb7 g5 43. Bg3 1/2-1/2

[Event "Pardubice Czech op-A 34th"]
[Site "Pardubice"]
[Date "2023.07.28"]
[Round "8"]
[White "Mueer, Sebastian"]
[Black "Malek, Daniel"]
[Result "0-1"]
[WhiteElo "2210"]
[BlackElo "2322"]
[PlyCount "116"]
[EventDate "2023.07.21"]
[EventType "swiss"]
[EventRounds "9"]
[EventCountry "CZE"]
[SourceTitle "CBM 215 Extra"]
[Source "ChessBase"]
[SourceDate "2023.09.30"]
[SourceVersion "1"]
[SourceVersionDate "2023.09.30"]
[SourceQuality "1"]

1. e4 c6 2. Nc3 d5 3. Nf3 dxe4 4. Nxe4 Nf6 5. Qe2 Nxe4 6. Qxe4 Qa5 7. Bc4 Bf5 8. Qf4 e6 9. 0-0 Qd8 10. Re1 Bg6 11. d3 Bd6 12. Qd4 0-0 13. Bd2 c5 14. Qg4 Nc6 15. Bc3 Qc7 16. h4 h5 17. Qg5 Be7 18. Qd2 Rad8 19. Ng5 Bf5 20. Qe2 Bg4 21. f3 Bf5 22. Kf2 Nd4 23. Bxd4 Rxd4 24. g3 Rfd8 25. Nxf7 Kxf7 26. Bxe6+ Bxe6 27. Qxe6+ Kf8 28. Re5 R4d6 29. Qf5+ Bf6 30. Kg2 b6 31. Rae1 Qd7 32. Qf4 Rd4 33. R1e4 Qd6 34. Qf5 Rxe4 35. Rxe4 Qd5 36. Qh7 Bxb2 37. g4 hxg4 38. fxg4 Kf7 39. g5 Rd6 40. Qh5+ g6 41. Qf3+ Kg8 42. Re8+ Kh7 43. Re7+ Bg7 44. Qxd5 Rxd5 45. Rxa7 Rd4 46. Kh3 Rb4 47. a4 Rb2 48. a5 bxa5 49. Rxa5 Rxc2 50. Kg4 Rc1 51. Rb5 Bf8 52. Rb7+ Kg8 53. Rd7 Rd1 54. Kf3 Rf1+ 55. Kg2 Rf4 56. Kg3 Rd4 57. Rxd4 cxd4 58. Kf4 Bg7 0-1

[Event "Pardubice Czech op-A 34th"]
[Site "Pardubice"]
[Date "2023.07.22"]
[Round "2"]
[White "Mueer, Sebastian"]
[Black "Pantzar, Milton"]
[Result "1/2-1/2"]
[WhiteElo "2210"]
[BlackElo "2442"]
[PlyCount "102"]
[EventDate "2023.07.21"]
[EventType "swiss"]
[EventRounds "9"]
[EventCountry "CZE"]
[SourceTitle "CBM 215 Extra"]
[Source "ChessBase"]
[SourceDate "2023.09.30"]
[SourceVersion "1"]
[SourceVersionDate "2023.09.30"]
[SourceQuality "1"]

1. e4 c6 2. Nc3 d5 3. Nf3 Bg4 4. Be2 e6 5. h3 Bh5 6. 0-0 Nf6 7. Ne5 Bxe2 8. Qxe2 Be7 9. d3 0-0 10. Bd2 a6 11. Rae1 b5 12. a4 b4 13. Nd1 b3 14. c4 Qc7 15. Bc3 Nbd7 16. Nxd7 Qxd7 17. e5 Ne8 18. a5 Nc7 19. d4 dxc4 20. Ne3 c5 21. dxc5 Bxc5 22. Qxc4 Qb5 23. Qh4 Rfd8 24. Ng4 Nd5 25. Bd2 Qd3 26. Bc1 Qg6 27. Bg5 Rdc8 28. Re4 Qxe4 29. Nh6+ gxh6 30. Qxe4 hxg5 31. h4 h6 32. hxg5 hxg5 33. g3 Rab8 34. Qd3 Rb5 35. Kg2 Bf8 36. Rh1 Bg7 37. Rh5 Rc2 38. Qh7+ Kf8 39. Rxg5 Ne3+ 40. Kf3 Nf5 41. g4 Rxe5 42. gxf5 Rxf5+ 43. Rxf5 exf5 44. Qh4 Bxb2 45. Qd8+ Kg7 46. Qg5+ Kh8 47. Qd8+ Kh7 48. Qh4+ Kg6 49. Qg3+ Kf6 50. Qd6+ Kg7 51. Qg3+ Kh7 1/2-1/2

[Event "Oberliga Nord W 2223"]
[Site "Germany"]
[Date "2023.04.23"]
[Round "8.2"]
[White "Gronde, Ingo"]
[Black "Mueer, Sebastian"]
[Result "1-0"]
[WhiteElo "2295"]
[BlackElo "2237"]
[PlyCount "111"]
[EventDate "2022.10.23"]
[EventType "team-tourn"]
[EventRounds "9"]
[EventCountry "GER"]
[SourceTitle "EXT 2025"]
[Source "ChessBase"]
[SourceDate "2024.10.14"]
[SourceVersion "1"]
[SourceVersionDate "2024.10.14"]
[SourceQuality "1"]
[WhiteTeam "Hellern"]
[BlackTeam "Oldenburg Union"]
[WhiteTeamCountry "GER"]
[BlackTeamCountry "GER"]

1. e4 c5 2. Nf3 d6 3. d4 cxd4 4. Nxd4 Nf6 5. Nc3 a6 6. Bg5 e6 7. f4 Nbd7 8. Qe2 h6 9. Bh4 e5 10. fxe5 dxe5 11. Nb3 Qc7 12. 0-0-0 b5 13. g4 Bb7 14. Bg2 Be7 15. Bg3 0-0-0 16. Nd5 Nxd5 17. exd5 Bd6 18. Rhf1 f6 19. Be1 Nc5 20. Na5 e4 21. Bxe4 Nxe4 22. Qxe4 Rhe8 23. Qf5+ Kb8 24. Nxb7 Kxb7 25. Bg3 Bxg3 26. hxg3 Qxg3 27. d6 Rxd6 28. Rxd6 Qxd6 29. Rd1 Qe6 30. Rd7+ Kc6 31. Qxe6+ Rxe6 32. Rxg7 Kd5 33. a4 bxa4 34. Rg6 Ke5 35. Rxh6 Kf4 36. Rg6 a5 37. Kb1 a3 38. bxa3 Ke5 39. Kc1 Kd4 40. g5 Kc3 41. Kd1 Rd6+ 42. Ke1 Rd5 43. gxf6 Rf5 44. Ke2 Kxc2 45. Ke3 Kb2 46. Rg2+ Kxa3 47. Rf2 Re5+ 48. Kd4 Re8 49. f7 Rf8 50. Kc4 a4 51. Rf3+ Kb2 52. Kb4 a3 53. Rf2+ Kc1 54. Kxa3 Kd1 55. Kb4 Ke1 56. Rf6 1-0

[Event "Niedersachsen-ch"]
[Site "Verden"]
[Date "2023.01.07"]
[Round "6"]
[White "Polster, Christian"]
[Black "Mueer, Sebastian"]
[Result "1/2-1/2"]
[WhiteElo "2233"]
[BlackElo "2213"]
[PlyCount "188"]
[EventDate "2023.01.05"]
[EventType "swiss"]
[EventRounds "7"]
[EventCountry "GER"]
[SourceTitle "CBM 212 Extra"]
[Source "ChessBase"]
[SourceDate "2023.03.31"]
[SourceVersion "1"]
[SourceVersionDate "2023.03.31"]
[SourceQuality "1"]

1. e4 e6 2. d4 d5 3. Bd3 c5 4. exd5 exd5 5. Nf3 Nf6 6. 0-0 Be7 7. dxc5 Bxc5 8. Re1+ Be6 9. Be3 Bxe3 10. Rxe3 0-0 11. Nbd2 Nc6 12. Nb3 Qb6 13. h3 h6 14. Nfd4 Nxd4 15. Nxd4 Bd7 16. Bf5 Rfe8 17. Rb3 Qc7 18. Qf3 Re5 19. Bxd7 Qxd7 20. Re3 Rae8 21. Rxe5 Rxe5 22. Rd1 Qe7 23. Qc3 g6 24. Nf3 Re2 25. Nd4 Re4 26. g3 a6 27. Kg2 Kh7 28. Qb3 Kg7 29. Qb6 h5 30. h4 Ng4 31. Rd2 Ne5 32. Qb3 Nc4 33. Qc3 Kg8 34. Rd3 Re1 35. Nf3 Re2 36. b3 Nd6 37. Qc5 Qe6 38. Qxd5 Qxd5 39. Rxd5 Ne4 40. Nd4 Rxf2+ 41. Kg1 Rd2 42. a4 Nxg3 43. Rd8+ Kh7 44. Ne6 Ne2+ 45. Kf1 Ng3+ 46. Kg1 Ne2+ 47. Kf1 Rxd8 48. Nxd8 Nd4 49. Nxb7 Nxc2 50. Nd8 Kg7 51. Nc6 Kf6 52. Kf2 Ke6 53. b4 Kd6 54. b5 axb5 55. axb5 Na3 56. Nd8 Ke7 57. Nc6+ Kd6 58. Nd8 Nxb5 59. Nxf7+ Ke6 60. Ng5+ Kf5 61. Kg3 Nc3 62. Nf7 Ke4 63. Nd6+ Ke5 64. Nf7+ Ke6 65. Ng5+ Kf5 66. Kf3 Nb5 67. Nf7 Nd4+ 68. Kg3 Ke4 69. Nd6+ Kd5 70. Nf7 Nf5+ 71. Kh3 Ke4 72. Ng5+ Ke5 73. Nf7+ Kf4 74. Nh8 Ne7 75. Nf7 Kf3 76. Ng5+ Kf2 77. Ne4+ Ke3 78. Ng5 Nf5 79. Nf7 Kf4 80. Nh8 Ne7 81. Nf7 Nd5 82. Nh8 Kf5 83. Nf7 Nf4+ 84. Kg3 Ne6 85. Nd6+ Ke5 86. Nf7+ Ke4 87. Nd6+ Ke3 88. Nc4+ Kd4 89. Nd6 Kd5 90. Nf7 Kd4 91. Nh8 g5 92. hxg5 Nxg5 93. Kh4 Nf3+ 94. Kxh5 Ke5 1/2-1/2

[Event "Niedersachsen-ch"]
[Site "Verden"]
[Date "2023.01.05"]
[Round "1"]
[White "Mueer, Sebastian"]
[Black "Kiesel, Lucas"]
[Result "1-0"]
[WhiteElo "2213"]
[BlackElo "2000"]
[PlyCount "105"]
[EventDate "2023.01.05"]
[EventType "swiss"]
[EventRounds "7"]
[EventCountry "GER"]
[SourceTitle "CBM 212 Extra"]
[Source "ChessBase"]
[SourceDate "2023.03.31"]
[SourceVersion "1"]
[SourceVersionDate "2023.03.31"]
[SourceQuality "1"]

1. d4 Nf6 2. c4 g6 3. Nc3 Bg7 4. e4 d6 5. Nf3 0-0 6. h3 e5 7. d5 a5 8. Be3 Na6 9. g4 h5 10. Ng5 hxg4 11. hxg4 Nxg4 12. Bd2 f5 13. Qf3 f4 14. Ne6 Bxe6 15. dxe6 Nf6 16. Qh3 c6 17. 0-0-0 Nc5 18. Be2 Qe7 19. Qg2 Nxe6 20. Qxg6 Qf7 21. Qg2 Rab8 22. Rdg1 Rfc8 23. Kb1 Rc7 24. Bd1 Kf8 25. Ne2 Nc5 26. Bxa5 b6 27. Bc3 Qxc4 28. f3 Ra7 29. a3 b5 30. Nxf4 exf4 31. Qg6 Qf7 32. Rh7 Qxg6 33. Rxg6 Ne8 34. Bxg7+ Rxg7 35. Rgh6 Rxh7 36. Rxh7 Ng7 37. Rh8+ Ke7 38. Rxb8 Nge6 39. b3 Nd4 40. Kb2 Nd7 41. Rh8 Ne5 42. Rh3 c5 43. a4 b4 44. a5 c4 45. a6 c3+ 46. Kb1 Nec6 47. a7 Nxa7 48. Rh7+ Kf6 49. Rxa7 c2+ 50. Bxc2 Nxf3 51. Ra5 Ne5 52. Bd1 f3 53. Bxf3 1-0